000 00746cam a2200193 4500
001 WB3714-16
008 000000n2001 000 0 eng u
035 _a(Sirsi) u111912
245 _aGreenpeace attacks PVC report
260 _c2001
490 _aConstruction News
_v(6710) 5 April 2001, 20(1)
520 _aGreenpeace criticises the DETR's "Lifecyle assessment of polyvinyl chloride and alternatives" for failing to address the impact of toxic pollutants generated throughout its full life cycle. DETR report available on http;//www.detr.gov.uk/environment/coonsult/pvc/02.pdf
590 _aWB
650 _aPVC
650 _aTOXIC SUBSTANCES
650 _aPOLLUTION
690 _aENVIRONMENTAL AND LAND CONSULTANCY
942 _n0
999 _c66694
_d66694